000 00662nam a2200265Ia 4500
003 OSt
005 20140313082146.0
008 140130s9999 xx 000 0 und d
020 _a9780590034807
050 _aPZ 7
_b.B7633Clwxe 1998
100 _aBridwell, Norman.
245 _cNorman Bridwell.
_aClifford's first snow day /
260 _bScholastic,
_c1998.
_aUSA :
300 _a30 p. :
_bcol. ill. ;
_c26 cm.
440 _v1
521 _aG1
526 _c270
650 _aDogs
_xFiction.
650 _aAnimals
_xInfancy
_xFiction.
650 _aSnow
_xFiction.
942 _cBK
_2lcc
999 _c40063
_d40063